| 000 | 00540nam a2200193Ia 4500 | ||
|---|---|---|---|
| 003 | OSt | ||
| 005 | 20170518092120.0 | ||
| 008 | 151015s9999 xx 000 0 und d | ||
| 020 | _a9781869886058 | ||
| 040 |
_aMMU _beng _cMMU _dMMU |
||
| 050 | _aZA 3159 .K4 D87 2008 | ||
| 100 | _aDurrani, shraz | ||
| 245 |
_aNever be silent : _bPublishing & Imperialism in kenya 1884-1963 / _cShiraz Durrani |
||
| 260 |
_aLondon: _bVita Books, _c2008. |
||
| 300 | _a271 p. | ||
| 500 | _aInclude index . | ||
| 650 | _aPublishing | ||
| 942 |
_2lcc _cLOAN LOAN |
||
| 999 |
_c1083 _d1083 |
||